| 000 | 00923cam a2200289 4500 | ||
|---|---|---|---|
| 001 | 20806 | ||
| 003 | BD-RjUL | ||
| 005 | 20211209000620.0 | ||
| 008 | 140302t1971 enk b 001 0 eng | ||
| 020 | _a0198120141 | ||
| 035 | _a(BD-RjUL)20868 | ||
| 040 |
_aDLC _cDLC _dDLC _dDLC _dBD-RjUL _beng |
||
| 041 | _aeng | ||
| 082 | 0 | 0 |
_a801 _bPAH 1971 |
| 100 | 1 |
_aPark, Roy. _964255 |
|
| 245 | 1 | 0 |
_aHazlitt and the spirit of the age: _babstraction and critical theory / |
| 260 |
_aOxford : _bClarendon Press, _c1971. |
||
| 300 |
_ax, 259 p. ; _c23 cm. |
||
| 350 | _a£4.00 | ||
| 504 | _aBibliographical reference and index. | ||
| 600 | 1 | 0 |
_aHazlitt, William, _d1778-1830 _xAesthetics. _964267 |
| 650 | 0 |
_aCriticism _zGreat Britain _xHistory _y19th century. _953221 |
|
| 650 | 0 |
_aEnglish literature _y19th century _xHistory and criticism _xTheory, etc. _964257 |
|
| 942 |
_2ddc _cBK |
||
| 999 |
_c20806 _d20806 |
||